Stochastičeskije uravnenija i differencial'naja geometrija

Na minha lista:
Detalhes bibliográficos
Formato: Livro
Idioma:russo
Publicado em: Kijev Vyšča škola 1989
Edição:1. izd.
Tags: Adicionar Tag
Sem tags, seja o primeiro a adicionar uma tag!

MARC

LEADER 00000nam a2200000 4500
001 c033685
005 20250714110859.4
041 0 |a rus 
044 |a UA 
245 1 0 |a Stochastičeskije uravnenija i differencial'naja geometrija  |c Jurij L'vovič Daleckij, Jana Isajevna Belopol'skaja 
250 |a 1. izd. 
264 1 |a Kijev  |b Vyšča škola  |c 1989 
300 |a 293 s.